000 00759cam a22002292 4500
001 0000002391
005 20151217145728.0
008 070410s xx 000 0 eng d
020 _a0333930029 :
_cKES 925
040 _aKABU
_cKABU
050 0 _aHF5549
_b.H86 1994
245 1 0 _aHuman resource management :
_ba contemporary perspective /
_cedited by Ian Beardwell & Len Holden.
260 _aDelhi :
_bMacmillan, India,
_c1994.
300 _ax, 694 p. ;
_c24 cm.
504 _aIncludes bibliographical references and index.
650 0 _aPersonnel management.
_@0000150761
700 1 _aBeardwell, Ian.
_@0000151743
700 1 _aHolden, Len.
_@0000151744
908 _a070410
950 _@1
999 _c1984
_d1984